[Event "Wch U14"]
[Site "Vung Tau"]
[Date "2008.10.24"]
[Round "6"]
[White "Celis, Joel Chang"]
[Black "Ismailov, Mukhit"]
[Result "0-1"]
[WhiteElo "1619"]
[BlackElo "2040"]
[PlyCount "74"]
[EventDate "2008.10.20"]
[EventType "swiss"]
[EventRounds "11"]
[EventCountry "VIE"]
[SourceTitle "EXT 2009"]
[Source "ChessBase"]
[SourceDate "2008.11.26"]
[SourceVersion "1"]
[SourceVersionDate "2008.11.26"]
[SourceQuality "1"]

1. Nf3 c5 2. b3 d6 3. Bb2 e6 4. e3 Nf6 5. c4 Be7 6. Be2 b6 7. 0-0 Bb7 8. d4 0-0 9. Nbd2 Nbd7 10. Rc1 Qc7 11. Qc2 Rac8 12. Rfd1 Rfd8 13. h3 Nf8 14. Nf1 Qb8 15. dxc5 bxc5 16. Ng3 g6 17. Rd2 e5 18. Nh2 Ne6 19. Bf3 Bxf3 20. Nxf3 Qb7 21. Rcd1 a5 22. Bc3 Ra8 23. Ne1 a4 24. Rb1 axb3 25. Rxb3 Qa6 26. Qd3 d5 27. Qb1 d4 28. exd4 exd4 29. Ba1 Qxc4 30. Rc2 Qd5 31. Rb5 Bd6 32. Re2 Rdb8 33. Nf1 Nf4 34. Reb2 Re8 35. f3 Ne2+ 36. Kh1 Nc3 37. Qd3 Nxb5 0-1

[Event "Wch U14"]
[Site "Vung Tau"]
[Date "2008.10.20"]
[Round "1"]
[White "Swiercz, Dariusz"]
[Black "Ismailov, Mukhit"]
[Result "1-0"]
[WhiteElo "2478"]
[BlackElo "2040"]
[PlyCount "131"]
[EventDate "2008.10.20"]
[EventType "swiss"]
[EventRounds "11"]
[EventCountry "VIE"]
[SourceTitle "EXT 2009"]
[Source "ChessBase"]
[SourceDate "2008.11.26"]
[SourceVersion "1"]
[SourceVersionDate "2008.11.26"]
[SourceQuality "1"]

1. Nf3 c5 2. e4 d6 3. d4 cxd4 4. Nxd4 Nf6 5. Nc3 a6 6. Bc4 e6 7. 0-0 Be7 8. Bb3 Nc6 9. Nxc6 bxc6 10. Qe2 0-0 11. e5 dxe5 12. Qxe5 Bd6 13. Qe2 Qc7 14. h3 Bb7 15. Bg5 Be5 16. Rae1 Bd4 17. Ne4 Nxe4 18. Qxe4 c5 19. Qg4 Bxb2 20. Re3 Bd4 21. Rd3 Qc6 22. Rg3 Be5 23. Bf4 f5 24. Qh5 Bf6 25. Bg5 Kh8 26. Bc4 Rad8 27. c3 e5 28. Bxf6 Rxf6 29. Qg5 Rd7 30. f3 h6 31. Qh5 Rd2 32. Rb1 Rd8 33. a4 f4 34. Rg5 Ba8 35. Rxe5 Qxa4 36. Bb3 Qd7 37. Rd1 Qxd1+ 38. Bxd1 Rxd1+ 39. Kf2 Bc6 40. Re1 Rd2+ 41. Re2 Rd5 42. Re5 Rd2+ 43. Kg1 Kh7 44. Rxc5 Rg6 45. Qxg6+ Kxg6 46. Rxc6+ Kh5 47. Rxa6 Rc2 48. Rc6 Kh4 49. Kh2 h5 50. Rc4 Kg5 51. Rc5+ Kh4 52. Rc7 Rc1 53. Rc4 Kg5 54. h4+ Kxh4 55. Rxf4+ Kg5 56. Rc4 h4 57. Rc7 Kh5 58. Rc5+ Kh6 59. c4 g5 60. Rc6+ Kh5 61. Rc8 Rc2 62. c5 g4 63. fxg4+ Kxg4 64. c6 Kf5 65. c7 Ke6 66. Re8+ 1-0